<?xml version="1.0" encoding="UTF-8"?>
<record
    xmlns:xsi="http://www.w3.org/2001/XMLSchema-instance"
    xsi:schemaLocation="http://www.loc.gov/MARC21/slim http://www.loc.gov/standards/marcxml/schema/MARC21slim.xsd"
    xmlns="http://www.loc.gov/MARC21/slim">

  <leader>01115nam a2200265   4500</leader>
  <datafield tag="020" ind1=" " ind2=" ">
    <subfield code="a">NA</subfield>
    <subfield code="c">TZS 50,000/=</subfield>
  </datafield>
  <datafield tag="082" ind1=" " ind2=" ">
    <subfield code="a">THS 021.709678 SUL</subfield>
    <subfield code="b">1</subfield>
  </datafield>
  <datafield tag="100" ind1=" " ind2=" ">
    <subfield code="a">Sullle, Elizabeth Slaqwara</subfield>
  </datafield>
  <datafield tag="245" ind1=" " ind2=" ">
    <subfield code="a">The effectiveness of students' knowledge ambassadors in promoting the usage of e-resources : </subfield>
    <subfield code="b">a case study of Mzumbe University </subfield>
    <subfield code="c">/ Elizabeth Slaqwara, Sulle</subfield>
  </datafield>
  <datafield tag="260" ind1=" " ind2=" ">
    <subfield code="a">Dar es Salaam : </subfield>
    <subfield code="b">University of Dar es Salaam, </subfield>
    <subfield code="c">2022. </subfield>
  </datafield>
  <datafield tag="300" ind1=" " ind2=" ">
    <subfield code="a">xiv, 92 leaves : </subfield>
    <subfield code="b">some col. ill. ; </subfield>
    <subfield code="c">28 cm. </subfield>
  </datafield>
  <datafield tag="502" ind1=" " ind2=" ">
    <subfield code="a">Dissertation </subfield>
    <subfield code="b">(M.A. Infor. Studies) .- </subfield>
    <subfield code="c">University of Dar es Salaam; </subfield>
    <subfield code="d">2022. </subfield>
  </datafield>
  <datafield tag="504" ind1=" " ind2=" ">
    <subfield code="a">Includes references </subfield>
  </datafield>
  <datafield tag="546" ind1=" " ind2=" ">
    <subfield code="a">eng. </subfield>
  </datafield>
  <datafield tag="650" ind1=" " ind2=" ">
    <subfield code="a">Library promotion</subfield>
    <subfield code="v">Mzumbe University </subfield>
    <subfield code="z">Tanzania</subfield>
  </datafield>
  <datafield tag="650" ind1=" " ind2=" ">
    <subfield code="a">Marketing library services </subfield>
  </datafield>
  <datafield tag="650" ind1=" " ind2=" ">
    <subfield code="a">Knowledge ambassadors </subfield>
    <subfield code="z">Tanzania </subfield>
  </datafield>
  <datafield tag="650" ind1=" " ind2=" ">
    <subfield code="a">E-resource promotion </subfield>
    <subfield code="z">Tanzania </subfield>
  </datafield>
  <datafield tag="650" ind1=" " ind2=" ">
    <subfield code="a">Library students partnership</subfield>
  </datafield>
  <datafield tag="650" ind1=" " ind2=" ">
    <subfield code="a">Library stuents engagement </subfield>
  </datafield>
  <datafield tag="650" ind1=" " ind2=" ">
    <subfield code="a">Subscribed e-resources</subfield>
  </datafield>
  <datafield tag="650" ind1=" " ind2=" ">
    <subfield code="a">Promotion of e-resources </subfield>
  </datafield>
  <datafield tag="856" ind1=" " ind2=" ">
    <subfield code="u">https://scholar.mzumbe.ac.tz/items/08cee78d-b3c9-4562-bace-1ce2b9c194c4</subfield>
  </datafield>
  <datafield tag="942" ind1=" " ind2=" ">
    <subfield code="c">TD</subfield>
  </datafield>
  <datafield tag="999" ind1=" " ind2=" ">
    <subfield code="c">8082</subfield>
    <subfield code="d">8082</subfield>
  </datafield>
  <datafield tag="952" ind1=" " ind2=" ">
    <subfield code="0">0</subfield>
    <subfield code="1">0</subfield>
    <subfield code="4">0</subfield>
    <subfield code="7">0</subfield>
    <subfield code="a">MU0001</subfield>
    <subfield code="b">MU0001</subfield>
    <subfield code="d">2022-12-19</subfield>
    <subfield code="e">Donated by Sulle Slaqwara Elizabeth</subfield>
    <subfield code="l">0</subfield>
    <subfield code="o">THS 021.709678 SUL</subfield>
    <subfield code="p">0000659</subfield>
    <subfield code="r">2022-12-19 00:00:00</subfield>
    <subfield code="t">1</subfield>
    <subfield code="w">2022-12-19</subfield>
    <subfield code="y">TD</subfield>
  </datafield>
</record>
